Lidský faktor v produktovém managementu
Konkurencieschopnosť produktu, sila produktovej značky a optimálna ponuka sprievodných služieb sú z veľkej časti dielom práve produktových manažérov, ktorí sa venujú koncepčnej príprave, takticko-operatívnemu spracovaniu a implementácii produktového plánu. Požiadavky na produktového manažéra.
Salvato in:
| Autore principale: | |
|---|---|
| Natura: | Capitolo di libro |
| Lingua: | ceco |
| Soggetti: | |
| Tags: |
Nessun Tag, puoi essere il primo ad aggiungerne!!
|
MARC
| LEADER | 00000naa a2200000 4500 | ||
|---|---|---|---|
| 001 | 0128885 | ||
| 005 | 20231115065405.0 | ||
| 041 | 0 | |a cze | |
| 044 | |a CZ | ||
| 245 | 1 | 0 | |a Lidský faktor v produktovém managementu |c Zuzana Wroblowská |
| 520 | |a Konkurencieschopnosť produktu, sila produktovej značky a optimálna ponuka sprievodných služieb sú z veľkej časti dielom práve produktových manažérov, ktorí sa venujú koncepčnej príprave, takticko-operatívnemu spracovaniu a implementácii produktového plánu. Požiadavky na produktového manažéra. | ||
| 610 | 2 | 0 | |a manažment produktový |
| 610 | 2 | 0 | |a manažéri |
| 610 | 2 | 0 | |a psychológia aplikovaná |
| 610 | 2 | 0 | |a zručnosti |
| 100 | 1 | |a Wroblowská, Zuzana | |